Marine hydrodynamics

Αποθηκεύτηκε σε:
Λεπτομέρειες βιβλιογραφικής εγγραφής
Κύριος συγγραφέας: Newman, John Nicholas 1935-
Μορφή: Βιβλίο
Γλώσσα:English
Δημοσίευση: Cambridge : MIT Press, c1997
Θέματα:
Ετικέτες: Προσθήκη ετικέτας
Δεν υπάρχουν, Καταχωρήστε ετικέτα πρώτοι!

MARC

LEADER 00000nam a2200000 i 4500
001 1/17019
008 980827s1997 eng d
020 |a 0-262-14026-8 
035 |l 10020406 
040 |a GR-MY-UA  |b gre  |e aacr 
041 0 |a eng 
082 0 |a 623.8144 
100 1 |a Newman, John Nicholas  |d 1935- 
245 1 0 |a Marine hydrodynamics /  |c J. N. Newman 
260 |a Cambridge :   |b MIT Press,   |c c1997 
300 |a 402 p. 
504 |a Includes bibliographies and index 
650 0 0 |a Ships  |x Hydrodynamics. 
650 0 0 |a Hydrodynamics. 
852 |a INST  |b LESVOS  |e 19980827  |h 623.8144 NEW  |p 005100013029  |q 005100013029  |t BK  |y 0 
901 |a BIBL-1998-3 
909 |a Λ  |b 059086 
922 |a 1ΕΛΗ  |b 199808  |c ΚΠΣ/ΤΠ  |d ΠΑΠΑΣΩΤΗΡΙΟΥ 
950 |a 107-1998-06-03